Japanese Prefecture Romaji Matching - Statistics

General Stats
  • This quiz has been taken 189 times
  • The average score is 33 of 47
Answer Stats
Hint Answer % Correct
青森 Aomori
91%
東京 Tōkyō
87%
山口 Yamaguchi
84%
愛知 Aichi
82%
広島 Hiroshima
80%
北海道 Hokkaidō
80%
石川 Ishikawa
80%
岩手 Iwate
80%
福岡 Fukuoka
78%
大分 Ōita
78%
島根 Shimane
78%
山形 Yamagata
78%
山梨 Yamanashi
78%
福島 Fukushima
76%
長野 Nagano
76%
岡山 Okayama
76%
和歌山 Wakayama
76%
秋田 Akita
73%
熊本 Kumamoto
73%
三重 Mie
73%
大阪 Ōsaka
73%
福井 Fukui
71%
神奈川 Kanagawa
71%
宮城 Miyagi
71%
宮崎 Miyazaki
71%
沖縄 Okinawa
71%
富山 Toyama
71%
高知 Kōchi
69%
京都 Kyōto
69%
埼玉 Saitama
69%
千葉 Chiba
67%
群馬 Gunma
67%
長崎 Nagasaki
67%
静岡 Shizuoka
67%
徳島 Tokushima
67%
鳥取 Tottori
67%
香川 Kagawa
64%
鹿児島 Kagoshima
64%
奈良 Nara
60%
愛媛 Ehime
58%
岐阜 Gifu
58%
兵庫 Hyōgo
58%
新潟 Niigata
56%
佐賀 Saga
56%
茨城 Ibaraki
53%
栃木 Tochigi
53%
滋賀 Shiga
49%
No matching quizzes found
Score Distribution
Percent of People with Each Score
Percentile by Number Answered
Your Score History
You have not taken this quiz